| 000 | 00836nab a2200253 u 4500 | ||
|---|---|---|---|
| 001 | 19439 | ||
| 003 | HDC | ||
| 007 | cr bn ---aaaaa | ||
| 008 | 210301b2009mmddmy d||noo|||| 00| 0 eng d | ||
| 040 | _aHDC | ||
| 245 | 0 |
_aPenang port to have halal section _c/ DagangHalal.com |
|
| 260 |
_aMalaysia: _bDagangAsia Network, _c2009 |
||
| 300 | _a1 online resource | ||
| 336 |
_atext _2rdacontent |
||
| 337 |
_acomputer _2rdamedia |
||
| 338 |
_aonline resource _2rdacarrier |
||
| 650 |
_aHarbors _xReligious aspects _xIslam _917906 |
||
| 650 |
_aHarbors _zMalaysia _916053 |
||
| 710 | _aDagangHalal.com | ||
| 856 | _zRequest full-text at [email protected] | ||
| 942 | _2lcc | ||
| 942 | _cNEWS | ||
| 942 | _kNWSO 004124 | ||
| 999 |
_c16755 _d16755 |
||